Spanish Speaking Countries and their Capitals - Statistics

General Stats
  • This quiz has been taken 1,292 times
  • The average score is 17 of 20
Answer Stats
Country Capital % Correct
Argentina Buenos Aires
95%
Spain Madrid
95%
Mexico Mexico City
95%
Peru Lima
93%
Colombia Bogota
92%
Cuba Havana
92%
Chile Santiago
92%
Bolivia La Paz
89%
Panama Panama City
89%
El Salvador San Salvador
89%
Venezuela Caracas
87%
Uruguay Montevideo
87%
Ecuador Quito
87%
Guatemala Guatemala City
83%
Costa Rica San Jose
82%
Dominican Republic Santo Domingo
78%
Paraguay Asuncion
77%
Puerto Rico San Juan
72%
Nicaragua Managua
71%
Honduras Tegucigalpa
66%
No matching quizzes found
Score Distribution
Percent of People with Each Score
Percentile by Number Answered
Your Score History
You have not taken this quiz